16-富山県の市町村クイズ(1999年) - Statistics

General Stats
  • This quiz has been taken 181 times
  • The average score is 23 of 35
Answers on the Map
Answers color-coded by a green-red scale on the quiz's map according to % correct below.
 
Answer Stats
Answer % Correct
富山とやま
95%
朝日あさひまち
92%
魚津うおづ
92%
氷見ひみ
92%
高岡たかおか
91%
滑川なめりかわ
90%
入善にゅうぜんまち
89%
舟橋ふなはしむら
89%
宇奈月うなづきまち
88%
黒部くろべ
88%
小矢部おやべ
86%
新湊しんみなと
86%
立山たてやままち
86%
砺波となみ
84%
上市かみいちまち
80%
婦中ふちゅうまち
65%
小杉こすぎまち
59%
福岡ふくおかまち
59%
八尾やつおまち
57%
城端じょうはなまち
55%
細入ほそいりむら
55%
しもむら
53%
大山おおやままち
52%
大門だいもんまち
51%
大沢野おおさわのまち
47%
上平かみたいらむら
47%
利賀とがむら
47%
福光ふくみつまち
46%
山田やまだむら
46%
庄川しょうがわまち
45%
福野ふくのまち
43%
井口いのくちむら
42%
井波いなみまち
40%
大島おおしままち
38%
たいらむら
38%
No matching quizzes found
Score Distribution
Percent of People with Each Score
Percentile by Number Answered
Your Score History
You have not taken this quiz